<?xml version="1.0" encoding="UTF-8"?><?xml-stylesheet type="text/xsl" href="static/style.xsl"?><OAI-PMH xmlns="http://www.openarchives.org/OAI/2.0/" xmlns:xsi="http://www.w3.org/2001/XMLSchema-instance" xsi:schemaLocation="http://www.openarchives.org/OAI/2.0/ http://www.openarchives.org/OAI/2.0/OAI-PMH.xsd"><responseDate>2026-04-17T23:16:24Z</responseDate><request verb="GetRecord" identifier="oai:www.recercat.cat:10459.1/469134" metadataPrefix="marc">https://recercat.cat/oai/request</request><GetRecord><record><header><identifier>oai:recercat.cat:10459.1/469134</identifier><datestamp>2025-11-25T19:58:37Z</datestamp><setSpec>com_2072_3622</setSpec><setSpec>col_2072_479130</setSpec></header><metadata><record xmlns="http://www.loc.gov/MARC21/slim" xmlns:dcterms="http://purl.org/dc/terms/" xmlns:xsi="http://www.w3.org/2001/XMLSchema-instance" xmlns:doc="http://www.lyncode.com/xoai" xsi:schemaLocation="http://www.loc.gov/MARC21/slim http://www.loc.gov/standards/marcxml/schema/MARC21slim.xsd">
   <leader>00925njm 22002777a 4500</leader>
   <datafield ind2=" " ind1=" " tag="042">
      <subfield code="a">dc</subfield>
   </datafield>
   <datafield ind2=" " ind1=" " tag="720">
      <subfield code="a">Duane, Andrea</subfield>
      <subfield code="e">author</subfield>
   </datafield>
   <datafield ind2=" " ind1=" " tag="720">
      <subfield code="a">Moghli, Aymen</subfield>
      <subfield code="e">author</subfield>
   </datafield>
   <datafield ind2=" " ind1=" " tag="720">
      <subfield code="a">Coll Mir, Lluís</subfield>
      <subfield code="e">author</subfield>
   </datafield>
   <datafield ind2=" " ind1=" " tag="720">
      <subfield code="a">Vega García, Cristina</subfield>
      <subfield code="e">author</subfield>
   </datafield>
   <datafield ind2=" " ind1=" " tag="260">
      <subfield code="c">2025</subfield>
   </datafield>
   <datafield ind2=" " ind1=" " tag="520">
      <subfield code="a">Very large wildfire events represent substantial social and ecological disturbances globally, with recent occurrences suggesting unprecedented scale and impact. What constitutes a large fire event in each territory varies
regionally depending on biophysical attributes and fire management response. Despite the efforts made to provide standardized metrics across ecosystems, there remains a need for new methods to identify and evaluate
fires that are contextually large. Here, we propose a framework to evaluate contextually large fires in Europe, considering them as fires larger than expected based on return period functions. Utilizing 23 years of data from
the European Forest Fires Information System, we applied extreme value theory to compute fire return periods at the regional level (administrative units of approximately 17,600 km2). Results identified 115 regions out of 330
(35%) that experienced at least one contextually large fire, primarily in southern Europe, but also dispersed across the temperate and Atlantic biomes. While 32 contextually large fires were larger than 10,000 ha, 104 were
smaller than 500 ha. The occurrence of contextually large fires shows a positive trend along the study period. This dataset provided valuable insights for assessing extreme wildfires, their distribution and their probabilities,
facilitating effective risk mitigation strategies in Europe.</subfield>
   </datafield>
   <datafield ind2=" " ind1=" " tag="520">
      <subfield code="a">This research has received funding from the European Union’s Ho rizon 2020 research and innovation programme under grant agreement No 101037419 and from the Generalitat de Catalunya’s CERCA Pro gramme. Andrea Duane also benefits from the funds of the Spanish Ministry of Science and Innovation (FJC2020-045980-I).</subfield>
   </datafield>
   <datafield ind1="8" ind2=" " tag="024">
      <subfield code="a">http://hdl.handle.net/10459.1/469134</subfield>
   </datafield>
   <datafield tag="653" ind2=" " ind1=" ">
      <subfield code="a">Generalized extreme value</subfield>
   </datafield>
   <datafield tag="653" ind2=" " ind1=" ">
      <subfield code="a">NUTS-2 regions</subfield>
   </datafield>
   <datafield tag="653" ind2=" " ind1=" ">
      <subfield code="a">EFFIS</subfield>
   </datafield>
   <datafield tag="653" ind2=" " ind1=" ">
      <subfield code="a">Large wildfires</subfield>
   </datafield>
   <datafield tag="653" ind2=" " ind1=" ">
      <subfield code="a">Fire frequency</subfield>
   </datafield>
   <datafield ind2="0" ind1="0" tag="245">
      <subfield code="a">On the evidence of contextually large fires in Europe based on return period functions</subfield>
   </datafield>
</record></metadata></record></GetRecord></OAI-PMH>